NLSUI OPAC header image

Lectures on International Trade (Record no. 20996)

MARC details
000 -LEADER
fixed length control field 00698nam a2200229Ia 4500
003 - CONTROL NUMBER IDENTIFIER
control field OSt
005 - DATE AND TIME OF LATEST TRANSACTION
control field 20210918111259.0
008 - FIXED-LENGTH DATA ELEMENTS--GENERAL INFORMATION
fixed length control field 160316s2003 xxu||||| |||| 00| 0 eng d
020 ## - INTERNATIONAL STANDARD BOOK NUMBER
International Standard Book Number 9780195664423
040 ## - CATALOGING SOURCE
Transcribing agency .
082 ## - DEWEY DECIMAL CLASSIFICATION NUMBER
Classification number 341.754000
Item number BHA
100 ## - MAIN ENTRY--PERSONAL NAME
Personal name Bhagwati N
245 ## - TITLE STATEMENT
Title Lectures on International Trade
250 ## - EDITION STATEMENT
Edition statement 2nd Ed
260 ## - PUBLICATION, DISTRIBUTION, ETC.
Place of publication, distribution, etc. New Delhi
Name of publisher, distributor, etc. Oxford University Press
Date of publication, distribution, etc. 2003
300 ## - PHYSICAL DESCRIPTION
Extent 602p
Dimensions xi
365 ## - TRADE PRICE
Price amount Rs.750
650 ## - SUBJECT ADDED ENTRY--TOPICAL TERM
Topical term or geographic name entry element 1. International Trade Law - Lectures
700 ## - ADDED ENTRY--PERSONAL NAME
Personal name Panagariya Arvind
-- Srinivasan T N
856 ## - ELECTRONIC LOCATION AND ACCESS
Uniform Resource Identifier <a href="https://www.google.co.in/books/edition/Lectures_on_International_Trade/8p0jEAAAQBAJ?hl=en&gbpv=1&printsec=frontcover">https://www.google.co.in/books/edition/Lectures_on_International_Trade/8p0jEAAAQBAJ?hl=en&gbpv=1&printsec=frontcover</a>
942 ## - ADDED ENTRY ELEMENTS (KOHA)
Source of classification or shelving scheme Dewey Decimal Classification
Koha item type BOOKs
Holdings
Withdrawn status Lost status Damaged status Not for loan Home library Current library Shelving location Date acquired Cost, normal purchase price Total Checkouts Full call number Barcode Date last seen Price effective from Koha item type
        NLS NLS Library Compactors 30/05/2017 750.00   341.754 BHA 19056 30/05/2017 30/05/2017 BOOKs